000 00214nam a22000857a 4500
008 161112b xxu||||| |||| 00| 0 eng d
100 _91176
_aAggarwal
245 _aCom. Mathematics-4
260 _aNew Delhi
_bS. Chand
_c2012
999 _c3855
_d3855